Kết quả nghiên cứu khoa học công nghệ rau quả 2003 -2004
Sách giới thiệu kết quả nghiên cứu về công nghệ sinh học, chọn tạo giống, kỹ thuật canh tác, bảo vệ thực vật, công nghệ sau thu hoạch của các loại rau quả của các tỉnh phía Nam
Gorde:
| Erakunde egilea: | |
|---|---|
| Formatua: | Liburua |
| Hizkuntza: | Undetermined |
| Argitaratua: |
Hà Nội
Nông Nghiệp
2005
|
| Gaiak: | |
| Etiketak: |
Etiketa erantsi
Etiketarik gabe, Izan zaitez lehena erregistro honi etiketa jartzen!
|
| Thư viện lưu trữ: | Trung tâm Học liệu Trường Đại học Cần Thơ |
|---|
| LEADER | 00959nam a2200217Ia 4500 | ||
|---|---|---|---|
| 001 | CTU_190242 | ||
| 008 | 210402s9999 xx 000 0 und d | ||
| 082 | |a 634 | ||
| 082 | |b V305 | ||
| 110 | |a Viện Nghiên cứu Cây Ăn Quả miền Nam | ||
| 245 | 0 | |a Kết quả nghiên cứu khoa học công nghệ rau quả 2003 -2004 | |
| 245 | 0 | |c Viện Nghiên cứu Cây Ăn Quả miền Nam | |
| 260 | |a Hà Nội | ||
| 260 | |b Nông Nghiệp | ||
| 260 | |c 2005 | ||
| 520 | |a Sách giới thiệu kết quả nghiên cứu về công nghệ sinh học, chọn tạo giống, kỹ thuật canh tác, bảo vệ thực vật, công nghệ sau thu hoạch của các loại rau quả của các tỉnh phía Nam | ||
| 650 | |a Fruit-tree,Cây ăn quả | ||
| 650 | |x Planting | ||
| 650 | |z Vietnam,Việt Nam | ||
| 904 | |i Trúc | ||
| 980 | |a Trung tâm Học liệu Trường Đại học Cần Thơ | ||